Buying a Home in Scotland (Record no. 121402)

MARC details
000 -LEADER
fixed length control field 01099nam a22002057a 4500
008 - FIXED-LENGTH DATA ELEMENTS--GENERAL INFORMATION
fixed length control field 230320s2022 xxk|||||o|||| 00| 0 eng d
041 ## - LANGUAGE CODE
Language code of text/sound track or separate title eng
110 ## - MAIN ENTRY--CORPORATE NAME
Corporate author Royal Institution of Chartered Surveyors
245 ## - TITLE STATEMENT
Title Buying a Home in Scotland
Subtitle : a clear impartial guide
Medium [Electronic resource]
260 ## - PUBLICATION INFORMATION
Place of publication London,
Publisher Royal Institution of Chartered Surveyors,
Date September 2022
300 ## - PHYSICAL DESCRIPTION
Physical description 21p.
490 ## - SERIES TITLE
Series statement RICS Consumer guide
520 ## - ABSTRACT
Abstract Help on choosing a property, financing, moving costs checklist, specialist advice available from RICS members, the role of mandatory Home Report in Scottish transactions, instructing a solicitor or conveyancer, missives. Also covers things to keep in mind in particular about new , older, listed properties or those needing work. Considerations if buying at an auction.
650 ## - KEYWORDS
Keywords RESIDENTIAL PROPERTY
651 ## - SUBJECT ADDED ENTRY--GEOGRAPHIC NAME
Geographic name Scotland
690 ## - BROAD SUBJECT
9 (RLIN) 6266
Broad subject Residential property
710 ## - ADDED CORPORATE NAME
Added corporate author Royal Institution of Chartered Surveyors
856 ## - ONLINE RESOURCE
Uniform Resource Identifier <a href="https://www.ricsfirms.com/media/1301/buying-a-home-scotland_final_sept-2022.pdf">https://www.ricsfirms.com/media/1301/buying-a-home-scotland_final_sept-2022.pdf</a>
Public note Available online
942 ## - ADDED ENTRY ELEMENTS (KOHA)
Suppress in OPAC Do not suppress in OPAC
Holdings
Lost status Damaged status Not for loan Current library Shelving location Date acquired Total Checkouts Date last seen Price effective from Koha item type
      Virtual Online 20/03/2023   20/03/2023 20/03/2023 Online material